000 00773cab a2200181 4500
001 L136547
008 070207n2007 000 0 eng u
035 _a(Sirsi) u136547
041 0 _aeng
245 0 0 _aSurvey
_bHotels
260 _c2007
490 0 _aEuroProperty
_v5 February 2007, 29-35(5)
520 _aDiscusses the European recovery of the hotel sector, the increased number of investors in the sector, the different types of investments, and how the introduction of REITs will affect the market. Predicts that the shortage of quality stock and consolidation will fuel and investment boom, with investors seeking trophy buildings in top locations.
590 _aKA
651 4 _aEUROPE
690 _aPROPERTY-COMMERCIAL PROPERTY-LEISURE PROPERTY
942 _n0
999 _c78341
_d78341